Air Marshal (Retd) Muhammad Asghar Khan, the Tehrik-i-Istiqlal and the politics of opposition in Pakistan, 1971-77 / (Record no. 34112)
[ view plain ]
| 000 -LEADER | |
|---|---|
| fixed length control field | 01223cam a2200337 i 4500 |
| 001 - CONTROL NUMBER | |
| control field | 18811222 |
| 003 - CONTROL NUMBER IDENTIFIER | |
| control field | OSt |
| 005 - DATE AND TIME OF LATEST TRANSACTION | |
| control field | 20170105113125.0 |
| 008 - FIXED-LENGTH DATA ELEMENTS--GENERAL INFORMATION | |
| fixed length control field | 151008s2015 pk b 000 0deng |
| 010 ## - LIBRARY OF CONGRESS CONTROL NUMBER | |
| LC control number | 2015328127 |
| 020 ## - INTERNATIONAL STANDARD BOOK NUMBER | |
| International Standard Book Number | 9789695623961 |
| 025 ## - OVERSEAS ACQUISITION NUMBER | |
| Overseas acquisition number | P-E-2015328127; 15 |
| 037 ## - SOURCE OF ACQUISITION | |
| Source of stock number/acquisition | Library of Congress -- Islamabad Overseas Office |
| Terms of availability | Rs 800.00 |
| 040 ## - CATALOGING SOURCE | |
| Original cataloging agency | DLC |
| Language of cataloging | eng |
| Transcribing agency | DLC |
| Description conventions | rda |
| 042 ## - AUTHENTICATION CODE | |
| Authentication code | lcode |
| -- | pcc |
| 043 ## - GEOGRAPHIC AREA CODE | |
| Geographic area code | a-pk--- |
| 050 00 - LIBRARY OF CONGRESS CALL NUMBER | |
| Classification number | DS384 |
| Item number | .M2725 2015 |
| 100 1# - MAIN ENTRY--PERSONAL NAME | |
| Personal name | Malik, Nadeem Shafiq, |
| Relator term | author. |
| 245 10 - TITLE STATEMENT | |
| Title | Air Marshal (Retd) Muhammad Asghar Khan, the Tehrik-i-Istiqlal and the politics of opposition in Pakistan, 1971-77 / |
| Statement of responsibility, etc. | Dr. Nadeem Shafiq Malik. |
| 246 30 - VARYING FORM OF TITLE | |
| Title proper/short title | Tehrik-i-Istiqlal and the politics of opposition in Pakistan 1971-77 |
| 250 ## - EDITION STATEMENT | |
| Edition statement | 1st edition. |
| 260 ## - PUBLICATION, DISTRIBUTION, ETC. | |
| Place of publication, distribution, etc. | Lahore |
| Name of publisher, distributor, etc. | Fiction House |
| Date of publication, distribution, etc. | 2015 |
| 300 ## - PHYSICAL DESCRIPTION | |
| Extent | 188 pages ; |
| Dimensions | 22 cm |
| 504 ## - BIBLIOGRAPHY, ETC. NOTE | |
| Bibliography, etc. note | Includes bibliographical references (pages 184-188). |
| 600 20 - SUBJECT ADDED ENTRY--PERSONAL NAME | |
| Personal name | Asghar Khan, Mohammad, |
| Dates associated with a name | 1921- |
| 610 20 - SUBJECT ADDED ENTRY--CORPORATE NAME | |
| Corporate name or jurisdiction name as entry element | Tehrik-i-Istiqlal |
| General subdivision | History. |
| 651 #0 - SUBJECT ADDED ENTRY--GEOGRAPHIC NAME | |
| Geographic name | Pakistan |
| General subdivision | Politics and government |
| Chronological subdivision | 1971-1988. |
| 906 ## - LOCAL DATA ELEMENT F, LDF (RLIN) | |
| a | 7 |
| b | cbc |
| c | origode |
| d | 3 |
| e | ncip |
| f | 20 |
| g | y-gencatlg |
| 942 ## - ADDED ENTRY ELEMENTS (KOHA) | |
| Source of classification or shelving scheme | |
| Koha item type | Book |
| Withdrawn status | Lost status | Source of classification or shelving scheme | Damaged status | Not for loan | Collection code | Permanent Location | Current Location | Shelving location | Date acquired | Total Checkouts | Full call number | Barcode | Date last seen | Price effective from | Koha item type |
|---|---|---|---|---|---|---|---|---|---|---|---|---|---|---|---|
| Central Library (CL) | Central Library (CL) | 07/20/2016 | 954.9105 MAL | SMME-BB463 | 04/03/2018 | 07/20/2016 | Book | ||||||||
| Central Library (CL) | Central Library (CL) | 07/20/2016 | 954.9105 MAL | SMME-BB464 | 04/03/2018 | 07/20/2016 | Book | ||||||||
| School of Mechanical & Manufacturing Engineering (SMME) | School of Mechanical & Manufacturing Engineering (SMME) | General Stacks | 05/05/2016 | 954.9105 MAL | SMME-D-103 | 05/05/2016 | 05/05/2016 | Book | |||||||
| School of Mechanical & Manufacturing Engineering (SMME) | School of Mechanical & Manufacturing Engineering (SMME) | General Stacks | 05/05/2016 | 954.9105 MAL | SMME-D-104 | 05/05/2016 | 05/05/2016 | Book |
